Statistics for City of europe-not capital

Click here to take the quiz!

General Stats

  • This quiz has been taken 14 times
  • The average score is 21 of 31

Answer Stats

HintAnswer% Correct
88%-greecethessaloniki/patras/heraklion
100%
93%-spainbarcelona/valencia/seville
92%
97%-germanyhamburg/munich/frankfurt/stuttgart/cologne
92%
98%-turkeyistanbul/bursa/izmir/edirne/adana
92%
95%-united kingdommanchester/liverpool
92%
94%-italymilan/naples
92%
91%-portugalporto/braga
92%
73%-switzerlandzurich
92%
90%-bonus-egyptalexandria/giza
83%
85%-belgiumantwerp
83%
76%-bonus-indiamumbai
83%
92%-bonus-usanew york/los angeles/chicago/phoenix
83%
96%-francenice/nantes/lyon
83%
84%-serbianis/novi sad/subatica/kragujevac/zrenjanin
83%
83%-croatiarijeka/split/dubrovnik/osijek/slavonski brod
83%
86%-netherlandsrotterdam
83%
89%-russiasaint petersburg
83%
71%czechiabrno
75%
81%-bulgariaplovdiv/varna/pleven/burgas
75%
87%-polandwroclaw/krakow
75%
72%-austriagraz
67%
82%-bosnia and herzegovinatuzla/banja luka/mostar
67%
79%albaniashkoder/durres
58%
70%-slovakiakosice
50%
77%-macedoniakumanovo/bitola
50%
80%-sloveniamaribor/koper
50%
78%-kosovopec/prizren
42%
75%-montenegrobudva/berane
17%
69%-moldovabalti
8%
74%-romaniacraiova
8%
68%-belaruspinsk
8%

Score Distribution

Percentile by Number Answered

Percent of People with Each Score

Your Score History

You have not taken this quiz